00277pab a2200121 454500008004000000100002300040245003200063260000900095300001300104362001200117650001300129773001300142180718b1977 xxu||||| |||| 00| 0 eng d aPrabhavalkar, B.H. aShould octroi be abolished? c1977 ap.43-51. aOct-Dec aTaxation aNagarlok